00620nam a2200169 a 450000500170000000800410001702000180005805000220007610000200009824500870011826000390020530000230024465000200026765000210028799900190030895201230032720140412111359.0060126s19uu xx 00 eng d a0-439-44523-X aTR(PS EbWe1 2001 aVaughan, Marcia aWe're going on a ghost hunt /cby Marcia Vaughan ; illustrated by Ann schweninger. aNew York :bScholastic Inc,c2001. a1 v. (unp.) ; ill. aGhostsxFiction aChildren stories c105447d105447 00104050aELbELcTRd2006-01-26eDonationg175.00l0oTR(PS E We1 2001pE10151r2014-04-12 00:00:00w2014-04-12yBK